000
00317 a2200157 4500
001
58587
020
_a
040
_c
Anchieta - Pituba
100
_a
Nery, Adalgisa
240
1
0
_a
A imaginária
_l
por
245
1
0
_a
A imaginária
300
_a
209
362
0
_a
1970
650
4
_a
Ficção brasileira
942
_c
BK
999
_c
58587
_d
58587